Guess the country by fact - Statistics

General Stats
  • This quiz has been taken 39 times
  • The average score is 5 of 9
Answer Stats
Fact Answer % Correct
There are over double the amount of kangaroos than people Australia
100%
This country consume around 25,000 tons of snails each year France
80%
There's around half a sauna per person Finland
77%
Is home to more pyramids than Egypt Sudan
77%
The only Southeast Asian country that wasn't colonised by the Europeans Thailand
63%
Is home to 35 UNESCO world heritage sites Mexico
40%
This country have second largest desert in Europe Ukraine
23%
Over 500 indigenous languages are spoken in this country Nigeria
17%
Had only one king during the royal times, King Mindaugas Lithuania
11%
No matching quizzes found
Score Distribution
Percent of People with Each Score
Percentile by Number Answered
Your Score History
You have not taken this quiz